| 000 | 00366nam a2200133Ia 4500 | ||
|---|---|---|---|
| 005 | 20260328101523.0 | ||
| 008 | 260328s9999||||xx |||||||||||||| ||und|| | ||
| 100 | _aBarreiro C., Javier | ||
| 245 | 0 |
_aEOS México : _b El Diseño de Mauricio y Sebastian Lara / _cJavier Barreiro C. |
|
| 260 | _bArquine | ||
| 300 | _a191 p. | ||
| 650 | _aDISEÑO INDUSTRIAL | ||
| 942 | _cBK | ||
| 999 |
_c9658 _d9658 |
||